Solid, liquid, or gas ? / (Record no. 6994)

MARC details
000 -LEADER
fixed length control field 01019nam a22003137a 4500
001 - CONTROL NUMBER
control field 6994
003 - CONTROL NUMBER IDENTIFIER
control field FISKH
005 - DATE AND TIME OF LATEST TRANSACTION
control field 20250617092625.0
008 - FIXED-LENGTH DATA ELEMENTS--GENERAL INFORMATION
fixed length control field 250617b cb ||||| |||| 00| 0 eng d
020 ## - INTERNATIONAL STANDARD BOOK NUMBER
International Standard Book Number 9780516263939eng
040 ## - CATALOGING SOURCE
Original cataloging agency FISKH
Language of cataloging eng
Transcribing agency FISKH
Modifying agency FISKH
050 ## - LIBRARY OF CONGRESS CALL NUMBER
Classification number QC173.16.H49
082 ## - DEWEY DECIMAL CLASSIFICATION NUMBER
Classification number 530.4
100 ## - MAIN ENTRY--PERSONAL NAME
Personal name Hewitt, Sally
245 ## - TITLE STATEMENT
Title Solid, liquid, or gas ? /
Statement of responsibility, etc. By Sally Hewitt
250 ## - EDITION STATEMENT
Edition statement First American edition 1998
260 ## - PUBLICATION, DISTRIBUTION, ETC.
Place of publication, distribution, etc. New York :
Name of publisher, distributor, etc. Children's Press ,
Date of publication, distribution, etc. 1997.
300 ## - PHYSICAL DESCRIPTION
Extent 30 pages :
Other physical details color illustrations ;
Dimensions 24x24 cm.
490 ## - SERIES STATEMENT
Series statement It's science !
505 ## - FORMATTED CONTENTS NOTE
Formatted contents note K <br/>
520 ## - SUMMARY, ETC.
Summary, etc. Presents information about the properties of solids, liquids, and gases, using observation and activities.<br/>
521 8# - TARGET AUDIENCE NOTE
Target audience note 510 <br/> <br/>
Source Lexile estimate <br/><br/>
521 8# - TARGET AUDIENCE NOTE
Target audience note K <br/>
Source Raz-Plus <br/>
650 ## - SUBJECT ADDED ENTRY--TOPICAL TERM
Topical term or geographic name entry element Matter--Constitution
Form subdivision Juvennile Literature
650 ## - SUBJECT ADDED ENTRY--TOPICAL TERM
Topical term or geographic name entry element Matter--Properties
Form subdivision Juvenile Literature
700 ## - ADDED ENTRY--PERSONAL NAME
Personal name Cooke, Rachel
Relator term Series Editor
942 ## - ADDED ENTRY ELEMENTS (KOHA)
Source of classification or shelving scheme Dewey Decimal Classification
Koha item type Books
Suppress in OPAC No
Holdings
Withdrawn status Lost status Source of classification or shelving scheme Damaged status Not for loan Collection Home library Current library Shelving location Date acquired Total Checkouts Full call number Barcode Date last seen Price effective from Koha item type
    Dewey Decimal Classification     Juvenile Fiction Footprints International School Library Network Toul Tom Poung Campus Footprints International School Library Network Toul Tom Poung Campus TTP Primary Yellow Bookshelves 06/17/2025   HEW 530.4 QC173.16.H49 FIS01477 06/17/2025 06/17/2025 Books